| 000 | 00430nam a2200145Ia 4500 | ||
|---|---|---|---|
| 008 | 230917s9999||||xx |||||||||||||| ||und|| | ||
| 040 |
_e198393 _aMAIN |
||
| 041 | _aEnglish | ||
| 082 | _a617 N167S | ||
| 100 | _aNarender | ||
| 245 | 0 | _aStudy to reevaluate the role of crystalloid preload in prevention of hypertension associated with spinal anaestheisa for elective caesarean | |
| 260 | _c1999 | ||
| 300 | _a99 p. | ||
| 942 | _cTH | ||
| 999 |
_c87394 _d87394 |
||